000 00580nam a2200229Ia 4500
008 160803s9999 xx 000 0 und d
020 _a0 590445103
100 _aPinkwater, Daniel
245 4 _aThe big orange splot /
245 _cby Daniel Manus Pinkwater.
260 _aNew York :
260 _bScholastic Inc.
260 _c1977
300 _a32 pages :
300 _bcolor illustrations ;
300 _c19 x 23 cm
440 _aReady-to-go classroom library.,
440 _vGrade 1
650 _aIndividuality --
650 _xFiction.
700 _a550
999 _c299150
_d299150